000 00621nam a2200217 i 4500
001 13378
003 ES-MaACL
007 t|
008 970821s1997 sp ||||0| spa j
020 _a84-321-3135-0
040 _aM-BN
_bspa
_cM-BN
080 _a821.134.2-14"19"
100 1 _aLuján Atienza, Angel Luis.
_974708
245 1 0 _aDías débiles /
_cAngel Luis Lujan Atienza.
260 _aMadrid :
_bRialp,
_c[1997]
300 _a74 p. ;
_c18 cm.
490 1 _aAdonais ;
_v529
830 0 0 _aAdonáis
_v529
_9173743
852 _aES-MaACL
_jJ-23-529
_bR.126078
_q. - Ded. autógr. del autor
999 _c13378
_d13378